Diseño de una pequeña planta de manufactura de equipos industriales para las PYMES de la industria alimenticia en la ciudad de Managua

Presenta el diseño de una pequeña planta de manufactura de equipos industriales para las PYMES de la industria alimenticia en la ciudad de Managua en el cual se realizó un estudio de mercado por medio de una encuesta de los equipos así como la propuesta de una línea de proceso y la selección...

Full description

Bibliographic Details
Main Authors: Moncada Mairena, Ariel Eliseo, Lovo Ártica, Vladimir Alexander, Ortega Vásquez
Other Authors: Tutor: García, Mario de Jesús
Format: Tesis Section = Libro
Language:Undetermined
Spanish
Published: Managua UNI 2017
Subjects:
LEADER 01358nam a2200301Ia 4500
008 240830s9999 xx 000 0 und d
040 |a BIBLIOTECA-RUPAP Mon 658.577 M737 
041 |a spa 
082 |a Mon 658.577 M737 
100 1 |a Moncada Mairena, Ariel Eliseo 
100 1 |b  Lovo Ártica, Vladimir Alexander 
100 1 |c  Ortega Vásquez 
245 1 0 |a Diseño de una pequeña planta de manufactura de equipos industriales para las PYMES de la industria alimenticia en la ciudad de Managua 
260 |a Managua  |b UNI  |c 2017 
300 |a 90 p. :il. 
500 |a Contiene anexos y CD 
502 |a Tesis (Ingeniero Mecánico)- UNI, 2017. 
520 3 |a Presenta el diseño de una pequeña planta de manufactura de equipos industriales para las PYMES de la industria alimenticia en la ciudad de Managua en el cual se realizó un estudio de mercado por medio de una encuesta de los equipos así como la propuesta de una línea de proceso y la selección de los equipos y maquinarias requeridos. 
650 7 |a PLANTA DE MANUFACTURA DE EQUIPOS INDUSTRIALES 
650 7 |b MAQUINAS - DISEÑO 
650 7 |c MAQUINARIA AUTOMATIZADA 
650 7 |d MAQUINARIA EMPACADORA DE BOLSA 
650 7 |e SISTEMA PRODUCTIVO 
650 7 |f  Luis Francisco 
700 1 |a Tutor:  |b García, Mario de Jesús 
942 |c BK  |2 ddc 
991 |a TESIS 
999 |c 17585